01127nam a2200265 a 4500001001000000005001700010041000800027044000800035084002100043100004500064245011600109260005700225300005000282500006400332500007300396500007100469500001100540546002400551650005200575650005600627650003400683650004500717700004900762740005000811BRCA_341920190320204255.0 aeng aenk a708b.W376c19311 aCervantes Saavedra, Miguel ded1547-161610aAdventures of Don Quixote de la ManchacTranslated from the Spanish of Miguel de Cervantes Saavedra by Motteux. aLondres : Nueva YorkbFrederick Warne and Co.c1931? a1 v. en 2 partes (xxxvi, 567 p.)bil.c22 cm. aContenido : Primera parte. Vida de Cervantes. Segunda parte aEjemplar por completo igual al anterior [707]. Tela Lúdovik Osterc aEstado físico : En la guarda versos de A. Dobson escritos a mano aQM1430 aTexto en : inglés14aNovela españolayÉpoca clásica, 1500-170014aLiteratura españolayÉpoca clásica, 1500-170014aNovela españolaySiglo XVII14aDon Quijote (Personaje ficticio)eNovela1 aMotteux, Peter Anthonyd1663-1718eTraductor0 aEl Ingenioso Hidalgo Don Quijote de la Mancha